Detalles MARC
| 000 -LIDER |
| fixed length control field |
01014nam a2200349 a 4500 |
| 001 - NÚMERO DE CONTROL |
| Identificador de número de control |
000000336 |
| 003 - IDENTIFICACDOR DE NÚMERO DE CONTROL |
| control field |
DO-SdBNP |
| 005 - DATE AND TIME OF LATEST TRANSACTION |
| control field |
20180130104803.0 |
| 007 - CAMPOS FIJOS DE DESCRIPCIÓN FÍSICA |
| fixed length control field |
000000336 |
| 008 - ELEMENTOS DE LONGITUD FIJA |
| fixed length control field |
081127s2004 sp a 000 0 spa d |
| 020 ## - ISBN |
| International Standard Book Number |
8466303901 |
| 040 ## - FUENTE DE CATALOGACIÓN |
| Agencia que crea de manera original el registro |
BPMSU |
| Idioma de catalogación |
spa |
| Agencia que realiza la transcripción |
BPMSU |
| 092 ## - LOCALLY ASSIGNED DEWEY DECIMAL CALL NUMBER |
| Número de clasificación |
863.3 |
| Número de ítem (Cutter) |
L431t |
| 100 ## - ASIENTO PRINCIPAL -- NOMBRE PERSONAL |
| Término de relación |
anónimo |
| 245 03 - MENCIÓN DE TITULO |
| Título |
El lazarillo de Tormes / |
| Subtítulo |
anónimo; estudio y notas de Eugenio Alonso Martín |
| 250 ## - MENCIÓN DE EDICION |
| Mención de edición |
2a. ed. |
| 260 ## - PUBLICACIÓN, DISTRIBUCIÓN, ETC. (PIE DE IMPRENTA) |
| Lugar de publicación, distribución, etc |
Barcelona : |
| Nombre del editor, distribuidor, etc. |
Santillana Ediciones |
| Fecha de publicación, distribución, etc |
2004 |
| 300 ## - DESCRIPCIÓN FÍSICA |
| Extensión |
169 p.; |
| Otros detalles físicos |
il. |
| Dimensiones |
20 cm. |
| 490 1# - MENCIÓN DE SERIES |
| Mención de serie |
Punto de lectura |
| Volume/sequential designation |
300/4 |
| 500 ## - NOTA GENERAL |
| Nota general |
|
| 505 0# - NOTA DE CONTENIDO |
| Título |
Tratado primero. Cuenta Lázaro su vida, y de cuyo hijo fué -- |
| 650 #4 - ENCABEZAMIENTO DE MATERIA--TEMÁTICO |
| Término temático o nombre geográfico como elemento de entrada |
NOVELA ESPAÑOLA |
| 650 #4 - ENCABEZAMIENTO DE MATERIA--TEMÁTICO |
| Término temático o nombre geográfico como elemento de entrada |
LITERATURA PICARESCA |
| 650 #4 - ENCABEZAMIENTO DE MATERIA--TEMÁTICO |
| Término temático o nombre geográfico como elemento de entrada |
LITERATURA ESPAÑOLA |
| 700 ## - ASIENTO SECUNDARIO -- NOMBRE PERSONAL |
| Nombre personal |
Martín, Eugenio Alonso |
| Mención de responsabilidad |
ed. |
| 700 ## - ASIENTO SECUNDARIO -- NOMBRE PERSONAL |
| Nombre personal |
|
| Mención de responsabilidad |
|
| 830 ## - ASIENTO SECUNDARIO DE SERIE--TÍTULO UNIFORME |
| Idioma de una obra |
Punto de lectura |
| Volume number/sequential designation |
300/6 |
| 910 ## - VALIDACIÓN |
| Validación |
|
| 942 ## - ADDED ENTRY ELEMENTS (KOHA) |
| Source of classification or shelving scheme |
Dewey Decimal Classification |
| Koha item type |
Libros |
| 945 ## - INFORMACIÓN DE PROCESAMIENTO LOCAL |
| Información de procesamiento local |
Inventariado, 2018/ YL |
| 956 ## - LOCAL ELECTRONIC LOCATION AND ACCESS (OCLC) |
| Número de acceso |
VMATEO |
| Información de compresión |
10 |
| Inicio de sesión |
20160311 |
| Procesador de solicitud |
BPMSU |